| 000 | 01001nam a2200277Ia 4500 | ||
|---|---|---|---|
| 001 | Para_10314 | ||
| 003 | CHAP | ||
| 008 | 220125sJuni xx 000 0 und d | ||
| 010 | _a205321 | ||
| 040 | _cCHAP | ||
| 090 | _aPA CD - TESIS 342 | ||
| 100 |
_aLaureano Ahuelican, Bruno _965111 |
||
| 245 |
_aHongos entomopatògenos en el control de Diaphorina citri Kuwayama (Hemiptera : _b Psyllidae), en Acapulco de Juàrez, Guerrero / _c Bruno Laureano Ahuelicán; Director Juan Fernando Solís Aguilar |
||
| 260 |
_aChapingo, Méx. : _b el autor |
||
| 300 | _a1 CDS ROM (55 p.) | ||
| 502 | _aTesis (M.C. en Protección Vegetal). UACh. Departamento Parasitología Agrícola | ||
| 700 |
_aSolís Aguilar, Juan Fernando. Director _9171333 |
||
| 710 | _aUACh Departamento Parasitología Agrícola | ||
| 901 | _aPA CD - TESIS 342 | ||
| 902 | _aM | ||
| 905 | _a513220Junio, 2014 abnm8100000000 06 | ||
| 910 | _aJuni | ||
| 942 | _cPARA | ||
| 942 |
_cPARA _d2 |
||
| 999 |
_c205321 _d205321 |
||